Statistiques concernant Les podiums de D1 puis L1 depuis 1933

Cliquez ici pour prendre le quiz!

Statistiques générales

  • Ce quiz a été pris 98 fois
  • Le résultat moyen est 128 sur 237

Statistiques - réponses

AnnéeClub% Correct
1933 - Vice-champion | 1934 - Troisième | 1937 - Champion | +24 othersOlympique de Marseille
92%
1974 - Troisième | 1975 - Troisième | 1995 - Vice-champion | +16 othersOlympique Lyonnais
87%
1946 - Vice-champion | 1957 - Champion | 1964 - Champion | +12 othersAS Saint-Étienne
64%
1965 - Champion | 1966 - Champion | 1967 - Vice-champion | +14 othersFC Nantes
63%
1951 - Champion | 1952 - Champion | 1956 - Champion | +5 othersOGC Nice
60%
1955 - Troisième | 1956 - Vice-champion | 1957 - Vice-champion | +4 othersRC Lens
57%
1984 - Troisième | 1991 - Troisième | 1994 - Troisième | +3 othersAJ Auxerre
54%
1983 - Troisième | 1986 - Champion | 1989 - Vice-champion | +14 othersParis Saint-Germain FC
48%
1935 - Vice-champion | 1936 - Troisième | 1947 - Troisième | +2 othersRC Strasbourg
48%
1950 - Champion | 1952 - Vice-champion | 1953 - Troisième | +16 othersFC Girondins de Bordeaux
47%
1946 - Champion | 1948 - Vice-champion | 1949 - Vice-champion | +10 othersLille OSC
47%
1956 - Troisième | 1958 - Troisième | 1961 - Champion | +23 othersAS Monaco FC
46%
1969 - Troisième | 1998 - Vice-championFC Metz
45%
1955 - Vice-champion | 1987 - Troisième | 2007 - TroisièmeToulouse FC
42%
1947 - Vice-champion | 1948 - Troisième | 1949 - Champion | +10 othersStade de Reims
39%
2012 - ChampionMontpellier HSC
34%
1988 - TroisièmeMontpellier PSC
34%
1934 - Champion | 1938 - Troisième | 1939 - ChampionFC Sète
33%
1935 - Champion | 1937 - Vice-champion | 1938 - Champion | +6 othersFC Sochaux-Montbéliard
31%
1933 - Troisième | 1935 - Troisième | 1936 - Champion | +6 othersRC Paris
29%
1970 - TroisièmeRC Paris-Sedan
29%
1933 - Champion | 1936 - Vice-championOlympique Lillois
25%
1977 - TroisièmeSEC Bastia
22%
1958 - Vice-champion | 1959 - Vice-champion | 1960 - Vice-champion | +2 othersNîmes Olympique
19%
1946 - Troisième | 1947 - ChampionCO Roubaix-Tourcoing
14%
1951 - TroisièmeLe Havre AC
14%
1967 - TroisièmeAngers SCO
13%
1934 - Vice-championSC Fives
8%
1965 - Troisième | 1966 - TroisièmeUS Valenciennes-Anzin
4%
1963 - TroisièmeUA Sedan-Torcy
2%

Distribution des résultats

Percentile par nombre de réponses

% des personnes avec chaque résultat

Votre développement - résultats

Vous n’avez pas pris ce quiz